Heartstopper (Registro nro. 437120)
[ vista simple ]
| 000 -LÍDER | |
|---|---|
| Campo fijo de descripción fija | 00962nam a22003137a 4500 |
| 003 - IDENTIFICADOR DEL NÚMERO DE CONTROL | |
| Campo de control | BCEG |
| 005 - FECHA Y HORA DE LA ULTIMA TRANSACCIÓN | |
| control field | 20260321134713.0 |
| 008 - ELEMENTOS DE LONGITUD FIJA -- INFORMACIÓN GENERAL | |
| Campo fijo de descripción fija -- Información general | 260321s2022 mx a||||||||||||||||spa|d |
| 020 ## - ISBN | |
| Isbn | 9789877478792 |
| 040 ## - FUENTE DE CATALOGACIÓN | |
| Agencia de catalogación original | BCEG |
| Idioma de catalogación | spa |
| Agencia que realiza la transcripción | BCEG |
| 041 ## - CÓDIGO DE IDIOMA | |
| Código de idioma para texto/pista de sonido o título separado | spa |
| 082 04 - NÚMERO DE CLASIFICACIÓN DECIMAL DEWEY | |
| Número de clasificación | COM741.5942 |
| Clave de autor-Numero de item | O818h |
| 100 1# - ASIENTO PRINCIPAL--NOMBRE PERSONAL | |
| Nombre del autor personal | Oseman, Alice, |
| Fechas asociadas con el nombre | 1994-. |
| 245 10 - TÍTULO PROPIAMENTE DICHO | |
| Título | Heartstopper |
| Otra información sobre el título - Subtitulo | : el anuario. |
| 260 ## - PUBLICACIÓN, DISTRIBUCIÓN, ETC. (PIE DE IMPRENTA) | |
| Lugar de publicación, distribución, etc. | Ciudad de México : |
| Nombre del editor, distribuidor, etc. | VR Editoras, |
| Fecha de publicación, distribución, etc. | 2022. |
| 300 ## - DESCRIPCIÓN FÍSICA | |
| Extensión | 158 p. : |
| Otros detalles físicos | il. |
| 500 ## - NOTA GENERAL | |
| Nota General | Incluye historia corta de Tara y Darcy (nuevo cómic) . |
| 521 ## - NIVEL DE AUDIENCIA | |
| Nota de audiencia | Clasificación B: Para público de 13 años en adelante. |
| 534 ## - NOTA DE VERSIÓN ORIGINAL | |
| Frase introductoria | Título original: |
| Título original | The heartstopper yearbook. |
| 535 ## - NOTA DE UBICACIÓN DE ORIGINALES | |
| Custodio | Disponible en la Comicteca. |
| 541 ## - NOTA DE FUENTE INMEDIATA DE ADQUISICIÓN | |
| Nota de fuente de adquisición | Compra. |
| 546 ## - NOTA DE IDIOMA - LENGUA | |
| Nota de lengua | Texto en español. |
| 650 14 - ASIENTO SECUNDARIO DE MATERIA - TERMINO TEMÁTICO | |
| Término temático o nombre geográfico como elemento de entrada | Novela gráfica inglesa. |
| 650 14 - ASIENTO SECUNDARIO DE MATERIA - TERMINO TEMÁTICO | |
| Término temático o nombre geográfico como elemento de entrada | Movimiento LGBT. |
| 700 1# - ASIENTO SECUNDARIO - NOMBRE PERSONAL | |
| Nombre personal | Corbetto, Melisa, |
| Función o responsabilidad del autor | dir. |
| 700 1# - ASIENTO SECUNDARIO - NOMBRE PERSONAL | |
| Nombre personal | Aranda, Cecilia, |
| Función o responsabilidad del autor | adap. |
| 700 1# - ASIENTO SECUNDARIO - NOMBRE PERSONAL | |
| Nombre personal | Fusco, Vanesa, |
| Función o responsabilidad del autor | tr. |
| 942 ## - TIPO DE MATERIAL (KOHA) | |
| Tipo de Item KOHA | Libro |
| No para Préstamo | Colección | Biblioteca de Origen | Biblioteca Permanente | Fecha de Adquisición | Fuente de Adquisicion | Total de Préstamos | Signatura Topográfica | Código de Barras | Última vez visto | Tipo de Material | Ejemplar |
|---|---|---|---|---|---|---|---|---|---|---|---|
| Material en Reserva | Cómics | Biblioteca Central Estatal de Guanajuato, "Wigberto Jiménez Moreno" | Biblioteca Central Estatal de Guanajuato, "Wigberto Jiménez Moreno" | 21/03/2026 | COMPRA-2025 | COM741.5942 O818h | BCEG8655231005 | 21/03/2026 | Libro | ||
| Cómics | Biblioteca Central Estatal de Guanajuato, "Wigberto Jiménez Moreno" | Biblioteca Central Estatal de Guanajuato, "Wigberto Jiménez Moreno" | 21/03/2026 | COMPRA-2025 | COM741.5942 O818h | BCEG8655231006 | 21/03/2026 | Libro | v. 2 | ||
| Cómics | Biblioteca Central Estatal de Guanajuato, "Wigberto Jiménez Moreno" | Biblioteca Central Estatal de Guanajuato, "Wigberto Jiménez Moreno" | 21/03/2026 | COMPRA-2025 | COM741.5942 O818h | BCEG8655231007 | 21/03/2026 | Libro | v. 3 |